Statistics for F1 Podiums 1973

Click here to take the quiz!

General Stats

  • This quiz has been taken 117 times
  • The average score is 9 of 14

Answer Stats

Answer% Correct
Emerson Fittipaldi / Denny Hulme
98%
Jackie Stewart
98%
Emerson Fittipaldi
96%
Denny Hulme
80%
Ronnie Peterson
78%
Jacky Ickx
73%
James Hunt
73%
Clay Regazzoni
62%
Francois Cevert
62%
Carlos Reutemann
60%
Peter Revson
53%
Carlos Pace
44%
George Follmer
24%
Jackie Oliver
20%

Score Distribution

Percentile by Number Answered

Percent of People with Each Score

Your Score History

You have not taken this quiz